000 00662nam a22002417a 4500
001 BR7400383
003 BR-BrBNA
005 20230928084511.0
007 ta
008 230509b bl.||||| |||| 00| 0 por d
040 _aBR-BrBNA
_bpor
_cBiblioteca Nacional de Agricultura
041 _a(Por)
072 _aS00
_b9320
090 _ 9320 BR7400383
100 1 _aCaminha Filho, A.
245 1 _aO acucar na economia humana
260 3 _aRio de Janeiro, GB (Brasil):
_bSecretaria Geral de Agricultura, Industria e Comercio,
_c1947.
300 _a36 p.
650 _aACUCAR
650 _aALIMENTACAO
909 _a202309
_bLucia
_c55
_dLucia Elande
942 _cBK
999 _c19380
_d19380